[Event "XVII C.to Italiano UISP A"]
[Site "Montecatini Terme ITA"]
[Date "1996.12.??"]
[Round "4"]
[White "Valori, Vincenzo"]
[Black "Accardo, Francesco"]
[WhiteElo "1902"]
[BlackElo "2070"]
[Result "1-0"]
[PlyCount "68"]
[EventDate "1996.12.04"]

1. e4 c5 2. Nc3 e6 3. g3 Be7 4. Bg2 Nc6 5. d3 Nf6 6. f4 h5 7. h3 d5 8. e5 Nd7
9. Nf3 a6 10. Qe2 b5 11. a3 Bb7 12. O-O Qc7 13. Re1 b4 14. Nd1 Nb6 15. c3 b3
16. Nf2 a5 17. f5 a4 18. Bf4 O-O-O 19. h4 exf5 20. Nh3 Rdf8 21. Nhg5 Qd8 22. e6
f6 23. Nf7 Qe8 24. Nd6+ Bxd6 25. Bxd6 Ne7 26. Bxc5 Na8 27. Nd4 g6 28. c4 Rh7
29. cxd5 Bxd5 30. Bxd5 Nxd5 31. Bxf8 Qxf8 32. Rac1+ Kb8 33. Nc6+ Kb7 34. e7 Qe8
1-0

[Event "XVII C.to Italiano UISP A"]
[Site "Montecatini Terme ITA"]
[Date "1996.12.??"]
[Round "4"]
[White "Verrascina, Nicola"]
[Black "Falchetta, Giovanni"]
[WhiteElo "2080"]
[BlackElo "2205"]
[Result "1/2-1/2"]
[PlyCount "48"]
[EventDate "1996.12.04"]

1. e4 e6 2. d4 d5 3. Nc3 dxe4 4. Nxe4 Nd7 5. Nf3 Ngf6 6. Ng3 c5 7. Bd3 cxd4 8.
Nxd4 Bc5 9. c3 a6 10. O-O O-O 11. Re1 Qc7 12. Ne4 Be7 13. Bg5 Re8 14. Re3 Nxe4
15. Bxe7 Rxe7 16. Rxe4 Nc5 17. Rh4 Nxd3 18. Qxd3 h6 19. Re1 e5 20. Nf3 Re8 21.
g4 f6 22. g5 fxg5 23. Rc4 Qd7 24. Qxd7 Bxd7 1/2-1/2

[Event "XVII C.to Italiano UISP A"]
[Site "Montecatini Terme ITA"]
[Date "1996.12.??"]
[Round "4"]
[White "Vezzosi, Paolo"]
[Black "Luciani, Valerio"]
[WhiteElo "2310"]
[BlackElo "2180"]
[Result "1-0"]
[PlyCount "47"]
[EventDate "1996.12.04"]

1. e4 e6 2. d4 d5 3. e5 c5 4. c3 Nc6 5. Nf3 Qb6 6. a3 c4 7. Nbd2 Na5 8. g3 h5
9. Rb1 Bd7 10. h4 g6 11. Bh3 Bh6 12. O-O Ne7 13. Re1 Rc8 14. Re2 Kf8 15. Nf1
Kg7 16. Bxh6+ Rxh6 17. Qd2 Qd8 18. Ng5 Rh8 19. Qf4 Rf8 20. Ne3 Nac6 21. Qf6+
Kg8 22. g4 hxg4 23. Nxg4 Nf5 24. h5 1-0

[Event "XVII C.to Italiano UISP A"]
[Site "Montecatini Terme ITA"]
[Date "1996.12.??"]
[Round "4"]
[White "Vignato, Giovanni"]
[Black "Zucconi, Leandro"]
[WhiteElo "2105"]
[BlackElo "2140"]
[Result "1-0"]
[PlyCount "79"]
[EventDate "1996.12.04"]

1. c4 e5 2. Nc3 Nc6 3. Nf3 g6 4. d4 exd4 5. Nxd4 Bg7 6. Nxc6 bxc6 7. g3 Ne7 8.
Bg2 O-O 9. O-O d6 10. Bg5 Rb8 11. Qc2 Bf5 12. e4 Be6 13. c5 h6 14. Be3 Qd7 15.
cxd6 cxd6 16. Rfd1 Rfd8 17. Rd2 Rb7 18. Bc5 Qc7 19. Ba3 Qb8 20. Rad1 Rbd7 21.
b3 Kh7 22. Ne2 c5 23. Nf4 Nc6 24. Nxe6 fxe6 25. Bxc5 Ne5 26. Bd4 Rc8 27. Qb2
Rb7 28. Bxe5 Bxe5 29. Qa3 Qc7 30. f4 Bc3 31. Rxd6 Bb4 32. Rd7+ Qxd7 33. Rxd7+
Rxd7 34. Qxb4 Rd1+ 35. Bf1 Rcc1 36. Qb7+ Kg8 37. Qb8+ Kh7 38. Qxa7+ Kg8 39. Qa6
Kf7 40. a4 1-0

[Event "XVII C.to Italiano UISP A"]
[Site "Montecatini Terme ITA"]
[Date "1996.12.??"]
[Round "4"]
[White "Voltolini, Mario"]
[Black "Sedina, Elena"]
[WhiteElo "2185"]
[BlackElo "2345"]
[Result "0-1"]
[PlyCount "115"]
[EventDate "1996.12.04"]

1. Nf3 Nf6 2. c4 c6 3. d4 d5 4. Nc3 dxc4 5. a4 Bf5 6. Ne5 e6 7. Nxc4 Bb4 8. e3
O-O 9. Bd2 c5 10. dxc5 Bxc5 11. Be2 Nc6 12. O-O Nb4 13. Na2 Nxa2 14. Rxa2 Ne4
15. b4 Be7 16. Qb3 Nxd2 17. Rxd2 Qc7 18. Bf3 Rfd8 19. Rfd1 Rxd2 20. Rxd2 Rc8
21. Na5 Qc3 22. Qxc3 Rxc3 23. g4 Bd3 24. Nxb7 Bxb4 25. Rb2 Ba3 26. Rd2 g5 27.
Na5 Bb4 28. Nc6 Rc1+ 29. Rd1 Rxd1+ 30. Bxd1 Bc5 31. Ne5 Ba6 32. Bf3 Kg7 33. Kg2
f6 34. Nc6 Kf7 35. Be4 h6 36. h4 Ke8 37. Na5 Kd7 38. Nb3 Be7 39. Nd4 Bc4 40.
hxg5 hxg5 41. f3 Bc5 42. Bc2 Bxd4 43. exd4 Kc6 44. Kf2 Kb6 45. Ke3 Ka5 46. f4
gxf4+ 47. Kxf4 Kb4 48. g5 fxg5+ 49. Kxg5 Kc3 50. Bd1 Kxd4 51. Kf6 e5 52. Ke7 e4
53. Kd6 e3 54. a5 a6 55. Bf3 e2 56. Bxe2 Bxe2 57. Ke6 Bg4+ 58. Kd6 0-1

[Event "XVII C.to Italiano UISP A"]
[Site "Montecatini Terme ITA"]
[Date "1996.12.??"]
[Round "5"]
[White "Bartolozzi, Roberto"]
[Black "Iatrino, Vincenzo"]
[WhiteElo "1902"]
[BlackElo "1971"]
[Result "1/2-1/2"]
[PlyCount "35"]
[EventDate "1996.12.04"]

1. d4 f5 2. c4 e6 3. g3 Nf6 4. Bg2 d5 5. Nf3 c6 6. Qc2 Bd6 7. O-O O-O 8. b3 Ne4
9. Ba3 Bxa3 10. Nxa3 Nd7 11. Qb2 Qe8 12. Nc2 Qh5 13. Nce1 b6 14. Nd3 Bb7 15.
cxd5 cxd5 16. Rac1 Rac8 17. Rxc8 Rxc8 18. Rc1 1/2-1/2

[Event "XVII C.to Italiano UISP A"]
[Site "Montecatini Terme ITA"]
[Date "1996.12.??"]
[Round "5"]
[White "Beggi, Pierluigi"]
[Black "Corvi, Marco"]
[WhiteElo "2220"]
[BlackElo "2185"]
[Result "1/2-1/2"]
[PlyCount "53"]
[EventDate "1996.12.04"]

1. c4 f5 2. Nc3 Nf6 3. g3 e6 4. Bg2 d5 5. e3 Be7 6. Nge2 O-O 7. O-O c6 8. b3 a5
9. d3 Na6 10. cxd5 exd5 11. Bb2 Nc7 12. Rc1 Ne6 13. Qd2 b6 14. Nf4 Nxf4 15.
gxf4 Ba6 16. Rfd1 Rc8 17. Ne2 c5 18. Ng3 g6 19. Be5 Bb7 20. d4 Ne4 21. Nxe4
dxe4 22. Bf1 h5 23. Bc4+ Bd5 24. dxc5 Bxc4 25. Rxc4 Qxd2 26. Rxd2 Bxc5 27. Rd7
1/2-1/2

[Event "XVII C.to Italiano UISP A"]
[Site "Montecatini Terme ITA"]
[Date "1996.12.??"]
[Round "5"]
[White "Bini, Lorenzo"]
[Black "Voltolini, Mario"]
[WhiteElo "2200"]
[BlackElo "2185"]
[Result "1/2-1/2"]
[PlyCount "96"]
[EventDate "1996.12.04"]

1. b3 f5 2. Bb2 d6 3. f4 e6 4. Nf3 Nf6 5. g3 b6 6. Bg2 Bb7 7. O-O Be7 8. e3 Qc8
9. Nc3 O-O 10. Ne2 Nc6 11. a3 Rb8 12. Rc1 Re8 13. b4 Nd8 14. c4 c5 15. Qb3 Nf7
16. h3 a6 17. d3 Bd8 18. Qc3 e5 19. fxe5 dxe5 20. Nh4 Nd6 21. Qe1 Bxg2 22. Kxg2
Rb7 23. Qf2 g6 24. Kh1 Rf7 25. Nf3 Nd7 26. d4 cxd4 27. exd4 e4 28. c5 exf3 29.
cxd6 Qb7 30. Nf4 Re2 31. Qxf3 Qxf3+ 32. Rxf3 Rxb2 33. Rc8 Rf8 34. Ne6 Re8 35.
Rxd8 Rxd8 36. Nxd8 Nf6 37. Rc3 Rd2 38. Rc8 h6 39. Nc6+ Kf7 40. Rd8 Ke6 41. Rf8
Ne4 42. Rg8 Nxg3+ 43. Kg1 Ne2+ 44. Kf1 Nf4 45. Rd8 Nd5 46. Ke1 Rd3 47. Ke2 Nf4+
48. Ke1 Nd5 1/2-1/2

[Event "XVII C.to Italiano UISP A"]
[Site "Montecatini Terme ITA"]
[Date "1996.12.??"]
[Round "5"]
[White "Caposciutti, Maurizio"]
[Black "Rossi, Carlo"]
[WhiteElo "2305"]
[BlackElo "2320"]
[Result "1/2-1/2"]
[PlyCount "28"]
[EventDate "1996.12.04"]

1. e4 c6 2. d4 d5 3. Nd2 g6 4. Ngf3 Nf6 5. Bd3 Bh6 6. c3 Bg4 7. h3 Bxf3 8. Qxf3
Bxd2+ 9. Bxd2 dxe4 10. Bxe4 Nxe4 11. Qxe4 Qd5 12. Qe5 Qxe5+ 13. dxe5 Nd7 14.
Bf4 O-O-O 1/2-1/2

[Event "XVII C.to Italiano UISP A"]
[Site "Montecatini Terme ITA"]
[Date "1996.12.??"]
[Round "5"]
[White "Ceccatelli, Claudio"]
[Black "Tirabassi, Maurizio"]
[WhiteElo "1714"]
[BlackElo "2330"]
[Result "0-1"]
[PlyCount "54"]
[EventDate "1996.12.04"]

1. d4 Nf6 2. Nf3 e6 3. c4 b6 4. a3 Ba6 5. Qc2 Bb7 6. Nc3 c5 7. d5 exd5 8. cxd5
Nxd5 9. Qe4+ Qe7 10. Ne5 Qe6 11. Bf4 Na6 12. g3 f5 13. Qf3 Rb8 14. e4 Nxf4 15.
gxf4 fxe4 16. Nxe4 Be7 17. Bh3 Bxe4 18. Qxe4 Qxh3 19. O-O-O Qe6 20. f5 Qh6+ 21.
f4 O-O 22. Nxd7 Bd6 23. Qd5+ Kh8 24. Qxd6 Qxd6 25. Rxd6 Rbd8 26. Rhd1 Rxf5 27.
Nb8 Rxb8 0-1

[Event "XVII C.to Italiano UISP A"]
[Site "Montecatini Terme ITA"]
[Date "1996.12.??"]
[Round "5"]
[White "Ciotoli, Patrizio"]
[Black "Vezzosi, Paolo"]
[WhiteElo "1956"]
[BlackElo "2310"]
[Result "0-1"]
[PlyCount "65"]
[EventDate "1996.12.04"]

1. e4 e6 2. Nc3 c5 3. f4 Nc6 4. Nf3 Nge7 5. Be2 d5 6. d3 d4 7. Nb1 Qc7 8. O-O
Ng6 9. Kh1 Be7 10. Qe1 O-O 11. Qg3 f5 12. e5 Qd8 13. Nbd2 Nb4 14. Bd1 Nd5 15.
Nb3 b5 16. a4 bxa4 17. Rxa4 Bd7 18. Ra2 a5 19. Bd2 a4 20. Nc1 Bc6 21. b3 a3 22.
Ne2 Ra6 23. Neg1 Bb7 24. Ne2 Re8 25. Qf2 Qd7 26. Kg1 Rea8 27. h3 Rf8 28. Kh2
Bd8 29. Qe1 Bc7 30. g3 Rfa8 31. Qf2 Qc6 32. Neg1 Bxe5 33. Rxa3 0-1

[Event "XVII C.to Italiano UISP A"]
[Site "Montecatini Terme ITA"]
[Date "1996.12.??"]
[Round "5"]
[White "Efimov, Igor"]
[Black "Genovese, Maurizio"]
[WhiteElo "2510"]
[BlackElo "2265"]
[Result "1-0"]
[PlyCount "73"]
[EventDate "1996.12.04"]

1. d4 d5 2. c4 c6 3. e3 Nf6 4. Nc3 e6 5. Nf3 Ne4 6. Nxe4 dxe4 7. Nd2 f5 8. Be2
Bd6 9. f4 exf3 10. Nxf3 Nd7 11. O-O Nf6 12. Bd3 O-O 13. Bd2 Qe8 14. Qe1 Qh5 15.
Bb4 Bxb4 16. Qxb4 Ng4 17. Rae1 e5 18. h3 Nxe3 19. Rxe3 e4 20. Bc2 exf3 21.
Rfxf3 b6 22. Re7 Qh4 23. Qd6 Qf6 24. Qxf6 Rxf6 25. c5 Be6 26. Ra3 b5 27. Raxa7
Rxa7 28. Rxa7 Bd5 29. Kf2 Kf8 30. Bd1 Re6 31. Bf3 Be4 32. b3 h6 33. a4 bxa4 34.
bxa4 g5 35. a5 Ke8 36. a6 Kd8 37. Rg7 1-0

[Event "XVII C.to Italiano UISP A"]
[Site "Montecatini Terme ITA"]
[Date "1996.12.??"]
[Round "5"]
[White "Fabiano, Giuseppe"]
[Black "Mileto, Gabriele"]
[WhiteElo "2240"]
[BlackElo "2210"]
[Result "1-0"]
[PlyCount "86"]
[EventDate "1996.12.04"]

1. e4 c5 2. Nf3 d6 3. Be2 Nf6 4. c3 a6 5. O-O e6 6. Re1 Be7 7. Bf1 b6 8. d4 Bb7
9. Nbd2 Qc7 10. Bd3 e5 11. d5 b5 12. Nf1 O-O 13. Ng3 g6 14. Bh6 Re8 15. h3 Kh8
16. Nh2 Ng8 17. Bd2 Nd7 18. Qe2 Bf6 19. b4 c4 20. Bc2 Reb8 21. a4 Bc8 22. Ra3
Nb6 23. a5 Nd7 24. Raa1 Bg7 25. Rf1 Qd8 26. Rae1 Qe7 27. Qd1 Bb7 28. Qc1 h6 29.
Ng4 Kh7 30. Ne3 Rf8 31. Re2 Rae8 32. f4 f6 33. f5 g5 34. Ref2 Rb8 35. Bd1 Qd8
36. Bh5 Ne7 37. Ng4 Qc7 38. Rf3 Kg8 39. h4 Nxd5 40. exd5 Bxd5 41. R3f2 gxh4 42.
Ne2 Bb7 43. Bxh6 Bxh6 1-0

[Event "XVII C.to Italiano UISP A"]
[Site "Montecatini Terme ITA"]
[Date "1996.12.??"]
[Round "5"]
[White "Falchetta, Giovanni"]
[Black "Del Dotto, Riccardo"]
[WhiteElo "2205"]
[BlackElo "1989"]
[Result "1/2-1/2"]
[PlyCount "30"]
[EventDate "1996.12.04"]

1. d4 Nf6 2. Nf3 c5 3. e3 e6 4. c4 d5 5. Nc3 cxd4 6. exd4 Bb4 7. Be3 dxc4 8.
Bxc4 O-O 9. O-O b6 10. Qd3 Bb7 11. Bg5 Nbd7 12. Rad1 Rc8 13. Bb3 a6 14. Ne2 b5
15. Qe3 Nb6 1/2-1/2

[Event "XVII C.to Italiano UISP A"]
[Site "Montecatini Terme ITA"]
[Date "1996.12.??"]
[Round "5"]
[White "Luciani, Valerio"]
[Black "Tencati, Giuseppe"]
[WhiteElo "2180"]
[BlackElo "2035"]
[Result "0-1"]
[PlyCount "96"]
[EventDate "1996.12.04"]

1. e4 e6 2. d3 d5 3. Nd2 c5 4. Ngf3 Nc6 5. g3 Nf6 6. Bg2 Be7 7. O-O O-O 8. e5
Nd7 9. Re1 Qc7 10. Qe2 Re8 11. Nf1 f6 12. exf6 Bxf6 13. Ng5 Nb6 14. Nxh7 Nd4
15. Nxf6+ gxf6 16. Qg4+ Qg7 17. Qxg7+ Kxg7 18. Ne3 Bd7 19. c3 Nc6 20. f4 Rad8
21. Bd2 Bc8 22. Nc2 Ne7 23. d4 Nc4 24. Bc1 b6 25. b3 Nd6 26. a4 c4 27. bxc4
Nxc4 28. Na3 Nxa3 29. Bxa3 Nc6 30. Bf1 Bd7 31. Bb5 Na5 32. Bb4 Nc4 33. Bxd7
Rxd7 34. a5 Kg6 35. axb6 axb6 36. Ra2 Kf5 37. Kg2 Rh7 38. Kf3 Rh3 39. Ree2 Reh8
40. Ra7 Rxh2 41. Rg7 R2h3 42. Rh2 e5 43. dxe5 fxe5 44. Rxh3 Rxh3 45. Rg5+ Kf6
46. Rg8 exf4 47. Kxf4 Rh1 48. Rb8 Rf1+ 0-1

[Event "XVII C.to Italiano UISP A"]
[Site "Montecatini Terme ITA"]
[Date "1996.12.??"]
[Round "5"]
[White "Magalotti, Andrea"]
[Black "Nannelli, Paolo"]
[WhiteElo "2100"]
[BlackElo "2265"]
[Result "1-0"]
[PlyCount "95"]
[EventDate "1996.12.04"]

1. e4 d6 2. d4 g6 3. Nc3 Bg7 4. Nf3 Nf6 5. Be2 O-O 6. Be3 c6 7. h3 b5 8. a3 Bb7
9. Qd3 Nbd7 10. O-O a6 11. e5 Ne8 12. e6 fxe6 13. Ng5 Nc7 14. Bg4 Rf6 15. Nce4
Nf8 16. h4 h6 17. Nxf6+ exf6 18. Nf3 f5 19. Bh3 Nd7 20. Bf4 Qf8 21. Rfe1 Rd8
22. c4 c5 23. Rad1 bxc4 24. Qxc4 Bd5 25. Qc2 Rc8 26. dxc5 Nxc5 27. b4 Ne4 28.
Rc1 Qd8 29. Be3 Nc3 30. Bd4 N7b5 31. Bxg7 Kxg7 32. a4 Bxf3 33. axb5 Ne2+ 34.
Rxe2 Rxc2 35. Rexc2 axb5 36. Rc7+ Kf6 37. gxf3 Ke5 38. Re1+ Kf4 39. Rb7 Qxh4
40. Bg2 Qf6 41. Rxb5 Qc3 42. Re3 Qc1+ 43. Bf1 Qc8 44. Rb6 Qd8 45. Ra6 e5 46. b5
d5 47. b6 d4 48. Rb3 1-0

[Event "XVII C.to Italiano UISP A"]
[Site "Montecatini Terme ITA"]
[Date "1996.12.??"]
[Round "5"]
[White "Monteleone, Antonio"]
[Black "Samaritani, Fabio"]
[WhiteElo "2200"]
[BlackElo "2220"]
[Result "1-0"]
[PlyCount "109"]
[EventDate "1996.12.04"]

1. d4 Nf6 2. Bg5 Ne4 3. Bf4 c5 4. f3 Nf6 5. d5 Qb6 6. Bc1 e6 7. e4 exd5 8. exd5
Bd6 9. Na3 Qb4+ 10. Bd2 Qh4+ 11. g3 Bxg3+ 12. hxg3 Qxg3+ 13. Ke2 O-O 14. c4 d6
15. Bh3 Nbd7 16. Kf1 Re8 17. Bc3 Ne5 18. Bxe5 Rxe5 19. Qd2 Bf5 20. Bxf5 Rxf5
21. Qf2 Ne4 22. Qxg3 Nxg3+ 23. Kg2 Nxh1 24. Kxh1 Re8 25. Kg2 Rf4 26. Rd1 a6 27.
b3 Re3 28. Nb1 Rd4 29. Rxd4 cxd4 30. Kf2 Re5 31. Ne2 Rh5 32. Nxd4 Rh2+ 33. Ke3
Rxa2 34. Nc3 Ra3 35. Ne4 a5 36. Nxd6 a4 37. N6b5 Ra1 38. bxa4 Rxa4 39. Kd3 h5
40. d6 h4 41. Nc7 Kf8 42. Nf5 Ra1 43. Ke2 Ra2+ 44. Ke3 Ra3+ 45. Ke4 g6 46. Nxh4
Ra4 47. Kd4 Ra5 48. Ng2 Rf5 49. Ne3 Rf6 50. Ke5 Rxf3 51. Ned5 Rf5+ 52. Kd4
Rxd5+ 53. Kxd5 g5 54. Ke5 g4 55. Kf5 1-0

[Event "XVII C.to Italiano UISP A"]
[Site "Montecatini Terme ITA"]
[Date "1996.12.??"]
[Round "5"]
[White "Oppici, Gabriele"]
[Black "Di Vincenzi, Renato"]
[WhiteElo "2055"]
[BlackElo "2128"]
[Result "0-1"]
[PlyCount "68"]
[EventDate "1996.12.04"]

1. Nc3 g6 2. h4 Nf6 3. e4 d6 4. Be2 h5 5. Nh3 Bg4 6. Ng5 Bxe2 7. Qxe2 Qd7 8. d4
Nc6 9. Be3 Bg7 10. f3 O-O 11. O-O-O e6 12. g4 e5 13. dxe5 Nxe5 14. gxh5 Nxh5
15. Rdg1 b5 16. Nd5 Nc4 17. c3 Nxe3 18. Qxe3 Bh6 19. f4 c6 20. Nb4 a5 21. Nd3
f6 22. Nh3 Kh7 23. Nhf2 c5 24. Ng4 Bg7 25. Qf3 f5 26. exf5 Qxf5 27. Ne3 Qxd3
28. Rd1 Nxf4 29. Rhe1 Rae8 30. h5 Kg8 31. hxg6 Qe4 32. Qf1 c4 33. Nxc4 Qxe1 34.
Qf3 Ne2+ 0-1

[Event "XVII C.to Italiano UISP A"]
[Site "Montecatini Terme ITA"]
[Date "1996.12.??"]
[Round "5"]
[White "Ottavi, Marco"]
[Black "Lagrotteria, Salvatore"]
[WhiteElo "1945"]
[BlackElo "2165"]
[Result "0-1"]
[PlyCount "72"]
[EventDate "1996.12.04"]

1. e4 c5 2. Nf3 Nc6 3. d4 cxd4 4. Nxd4 Nf6 5. Nc3 d6 6. Bc4 Qb6 7. Nb3 e6 8.
Be3 Qc7 9. Be2 a6 10. f4 Be7 11. O-O O-O 12. Bf3 Nd7 13. Kh1 b5 14. Nd4 Bb7 15.
Qe1 Nxd4 16. Bxd4 e5 17. fxe5 dxe5 18. Qg3 Kh8 19. Bg4 Bd6 20. Be3 Nc5 21. Bf5
g6 22. Bh6 Rg8 23. Bg4 b4 24. Nd5 Bxd5 25. exd5 f5 26. Be2 Ne4 27. Qf3 Be7 28.
g4 Nd6 29. Qe3 Bf6 30. gxf5 gxf5 31. Rad1 Rg6 32. Rg1 Rag8 33. Rxg6 Rxg6 34.
Rg1 Qxc2 35. Rxg6 hxg6 36. Qb6 Qxe2 0-1

[Event "XVII C.to Italiano UISP A"]
[Site "Montecatini Terme ITA"]
[Date "1996.12.??"]
[Round "5"]
[White "Pastres, Roberto"]
[Black "Vignato, Giovanni"]
[WhiteElo "2215"]
[BlackElo "2105"]
[Result "1-0"]
[PlyCount "89"]
[EventDate "1996.12.04"]

1. d4 d5 2. c4 e6 3. Nc3 c6 4. e3 f5 5. h3 Nf6 6. g4 g6 7. gxf5 exf5 8. Qb3 Qb6
9. Nge2 Qxb3 10. axb3 Be6 11. Nf4 Bf7 12. cxd5 cxd5 13. Bg2 Bb4 14. Bd2 Bxc3
15. bxc3 Nbd7 16. Ke2 Ne4 17. Rhc1 Nxd2 18. Kxd2 Nf6 19. Ra5 Ne4+ 20. Ke1 b6
21. Ra6 O-O 22. f3 Nd6 23. Bf1 Rfe8 24. Kd2 Re7 25. Nd3 Rc8 26. Ne5 Rec7 27. h4
Be6 28. Bd3 Nf7 29. f4 Nxe5 30. fxe5 Kg7 31. c4 Bf7 32. Rc2 h6 33. cxd5 Bxd5
34. Rxa7 Rxa7 35. Rxc8 Bxb3 36. e4 f4 37. d5 g5 38. hxg5 hxg5 39. d6 g4 40.
Rc7+ Rxc7 41. dxc7 Be6 42. Ba6 b5 43. c8=Q Bxc8 44. Bxc8 Kf7 45. Bxg4 1-0

[Event "XVII C.to Italiano UISP A"]
[Site "Montecatini Terme ITA"]
[Date "1996.12.??"]
[Round "5"]
[White "Rossignoli, Fabio"]
[Black "Bruno, Massimo"]
[WhiteElo "1701"]
[BlackElo "1984"]
[Result "1/2-1/2"]
[PlyCount "60"]
[EventDate "1996.12.04"]

1. d4 d5 2. Nf3 Nf6 3. e3 c6 4. Bd3 e6 5. Ne5 Bd6 6. f4 Nbd7 7. O-O Qe7 8. Qf3
Nb6 9. b3 Bd7 10. a4 a5 11. Bd2 Nc8 12. Be1 Qf8 13. g4 Ne7 14. Nd2 Bc8 15. c3
Nd7 16. Qh3 h5 17. g5 g6 18. Ndf3 Qg7 19. Bh4 O-O 20. Rae1 Rd8 21. e4 dxe4 22.
Bxe4 Nf5 23. Nd2 Nxh4 24. Qxh4 Nxe5 25. fxe5 Bxe5 26. Bf3 Bd6 27. Ne4 Be7 28.
Rf2 Bd7 29. Rg2 Rac8 30. Nf6+ Kf8 1/2-1/2

[Event "XVII C.to Italiano UISP A"]
[Site "Montecatini Terme ITA"]
[Date "1996.12.??"]
[Round "5"]
[White "Saccone, Fabio"]
[Black "Verrascina, Nicola"]
[WhiteElo "2200"]
[BlackElo "2080"]
[Result "1/2-1/2"]
[PlyCount "52"]
[EventDate "1996.12.04"]

1. d4 f5 2. Bg5 g6 3. Nd2 Bg7 4. e4 fxe4 5. Nxe4 d5 6. Nc3 Nf6 7. Qd2 O-O 8.
O-O-O c6 9. Bd3 Qa5 10. Kb1 b5 11. f3 b4 12. Nce2 Nbd7 13. h4 e5 14. h5 Nxh5
15. g4 Nhf6 16. Bh6 Rf7 17. Qg5 Qc7 18. Qh4 Bxh6 19. Qxh6 e4 20. fxe4 Nxg4 21.
Qh4 Nf2 22. Rf1 g5 23. Qxg5+ Rg7 24. Qxg7+ Kxg7 25. Rxf2 dxe4 26. Bxe4 Nf6
1/2-1/2

[Event "XVII C.to Italiano UISP A"]
[Site "Montecatini Terme ITA"]
[Date "1996.12.??"]
[Round "5"]
[White "Sedina, Elena"]
[Black "Sarno, Spartaco"]
[WhiteElo "2345"]
[BlackElo "2410"]
[Result "1/2-1/2"]
[PlyCount "23"]
[EventDate "1996.12.04"]

1. e4 c5 2. Nf3 e6 3. d4 cxd4 4. Nxd4 Nf6 5. Nc3 d6 6. Be2 Be7 7. O-O a6 8. f4
Qc7 9. Be3 O-O 10. a4 Nc6 11. Kh1 Bd7 12. Qe1 1/2-1/2

[Event "XVII C.to Italiano UISP A"]
[Site "Montecatini Terme ITA"]
[Date "1996.12.??"]
[Round "5"]
[White "Tocchioni, Doriano"]
[Black "Pastorini, Mario"]
[WhiteElo "2260"]
[BlackElo "2210"]
[Result "1/2-1/2"]
[PlyCount "111"]
[EventDate "1996.12.04"]

1. d4 Nf6 2. Bg5 e6 3. Nf3 d5 4. Nbd2 c5 5. e3 Nbd7 6. c3 Be7 7. Bd3 O-O 8. Qe2
b6 9. O-O Bb7 10. Ne5 Nxe5 11. dxe5 Nd7 12. Bxe7 Qxe7 13. f4 c4 14. Bc2 Nc5 15.
Nf3 g6 16. g4 f6 17. exf6 Rxf6 18. g5 Rff8 19. Ne5 Nd7 20. Qg4 Rae8 21. Rae1
Nxe5 22. fxe5 Rxf1+ 23. Rxf1 Qc5 24. Qd4 Rf8 25. Rf6 Rxf6 26. gxf6 Qxd4 27.
exd4 Bc6 28. Kf2 Be8 29. Kg3 b5 30. h4 h6 31. b3 Kf8 32. Kf4 Kg8 33. Bd1 Kh7
34. Bg4 Bf7 35. Ke3 Kg8 36. bxc4 bxc4 37. Kd2 Kh7 38. Ke1 h5 39. Bh3 Kh6 40.
Kd2 g5 41. Ke3 g4 42. Bf1 Bg6 43. Be2 Bc2 44. Kf4 Kg6 45. Bf1 Bd3 46. Bg2 Bc2
47. Ke3 Ba4 48. Kd2 Kf7 49. Ke1 Kg6 50. Kd2 Kf7 51. Bf1 Kg6 52. Be2 Kf7 53. Ke3
Kg6 54. Kf4 Bc2 55. Bf1 Bd3 56. Bg2 1/2-1/2

[Event "XVII C.to Italiano UISP A"]
[Site "Montecatini Terme ITA"]
[Date "1996.12.??"]
[Round "5"]
[White "Travaglini, Alberto"]
[Black "Maran, Walter"]
[WhiteElo "2021"]
[BlackElo "1701"]
[Result "1-0"]
[PlyCount "63"]
[EventDate "1996.12.04"]

1. d4 d5 2. Nf3 Bf5 3. Bf4 e6 4. e3 c6 5. Nbd2 Nf6 6. Ne5 Nbd7 7. g4 Be4 8. f3
Bg6 9. h4 h5 10. Nxg6 fxg6 11. Bd3 Qe7 12. Bxg6+ Kd8 13. Qe2 e5 14. Bg5 hxg4
15. fxg4 Qb4 16. O-O-O exd4 17. exd4 Bd6 18. c3 Qa4 19. Kb1 Kc7 20. c4 b6 21.
Rc1 Rac8 22. Rh3 Kb8 23. Qe6 Bc7 24. Qe2 Bd6 25. Rhc3 Qa6 26. a3 Nf8 27. Bf5
Rc7 28. Bxf6 gxf6 29. Qe8+ Kb7 30. cxd5 Qb5 31. dxc6+ Ka6 32. Bd3 1-0

[Event "XVII C.to Italiano UISP A"]
[Site "Montecatini Terme ITA"]
[Date "1996.12.??"]
[Round "5"]
[White "Unterthurner, Hans"]
[Black "Cecconi, Giovanni Alberto"]
[WhiteElo "1863"]
[BlackElo "2215"]
[Result "0-1"]
[PlyCount "61"]
[EventDate "1996.12.04"]

1. e4 g6 2. d4 Bg7 3. Nf3 d6 4. Nc3 c6 5. Be2 Nf6 6. O-O O-O 7. Re1 b5 8. a3 a6
9. Bg5 Ra7 10. Qd2 c5 11. dxc5 dxc5 12. Qf4 Nc6 13. Rad1 Nd4 14. Nxd4 cxd4 15.
e5 Rd7 16. Nb1 Nd5 17. Qxd4 f6 18. exf6 exf6 19. Bh4 g5 20. Bg3 f5 21. Qd3 f4
22. Bg4 fxg3 23. Qxg3 Re7 24. Rxe7 Qxe7 25. Bxc8 Rxc8 26. h4 Nf4 27. Qg4 Re8
28. Nc3 Ne2+ 29. Nxe2 Qxe2 30. Qxe2 Rxe2 31. c3 0-1

[Event "XVII C.to Italiano UISP A"]
[Site "Montecatini Terme ITA"]
[Date "1996.12.??"]
[Round "5"]
[White "Zucconi, Leandro"]
[Black "Pace, Roberto"]
[WhiteElo "2140"]
[BlackElo "1887"]
[Result "1-0"]
[PlyCount "121"]
[EventDate "1996.12.04"]

1. e4 e5 2. Nf3 d6 3. d4 Nd7 4. Nc3 Ngf6 5. Bc4 Be7 6. O-O O-O 7. Bb3 c6 8.
dxe5 dxe5 9. Qe2 Qc7 10. Be3 Nc5 11. Bxc5 Bxc5 12. h3 b5 13. a4 b4 14. Nb1 Nh5
15. Rd1 a5 16. Nbd2 Nf4 17. Qf1 Qe7 18. Bc4 Bb6 19. Kh2 h5 20. Ng1 g5 21. g3
Ng6 22. Be2 g4 23. Nc4 Bc7 24. Ne3 Qg5 25. h4 Qf6 26. Bc4 Kg7 27. Qe2 Nf4 28.
Qe1 Ng6 29. Rd2 Rh8 30. Kg2 Nf4+ 31. Kh2 Kg6 32. Rad1 Ne6 33. Nf5 Rd8 34. Qe3
Kh7 35. Ne2 Rb8 36. Rxd8 Bxd8 37. Qa7 Rb7 38. Qa8 Rc7 39. Kg2 Rd7 40. Rxd7 Bxd7
41. Bxe6 fxe6 42. Qa7 Qf7 43. Nd6 Qg7 44. Nc1 Qe7 45. Nc4 c5 46. b3 Bc6 47.
Qxe7+ Bxe7 48. f3 gxf3+ 49. Kxf3 Bd8 50. Nd3 Kg7 51. Nxc5 Kf6 52. Nd3 Bc7 53.
Nc5 Bd8 54. Ke3 Bc7 55. Kd3 Bd8 56. c3 bxc3 57. Kxc3 Bc7 58. b4 axb4+ 59. Kxb4
Bb8 60. Na5 Ba8 61. Na6 1-0

[Event "XVII C.to Italiano UISP A"]
[Site "Montecatini Terme ITA"]
[Date "1996.12.??"]
[Round "6"]
[White "Adinolfi, Vincenzo"]
[Black "Sedina, Elena"]
[WhiteElo "2165"]
[BlackElo "2345"]
[Result "0-1"]
[PlyCount "72"]
[EventDate "1996.12.04"]

1. d4 Nf6 2. Nf3 e6 3. Bf4 c5 4. e3 d5 5. c3 Nc6 6. Nbd2 Bd6 7. Ne5 Qc7 8. Nd3
Bxf4 9. Nxf4 cxd4 10. cxd4 Nxd4 11. exd4 Qxf4 12. Bb5+ Bd7 13. Qa4 Qd6 14. Rc1
a6 15. Bxd7+ Qxd7 16. Qb4 Qb5 17. Qa3 a5 18. Rc7 Nd7 19. h4 Qb6 20. Qc3 Kd8 21.
Rc5 Nxc5 22. dxc5 Qb4 23. Qxg7 Ke7 24. Qg5+ Kd7 25. a3 Qxc5 26. O-O Rhg8 27.
Qf4 Ke7 28. Nf3 Qd6 29. Qd4 Rac8 30. Ne5 f6 31. Nd3 Rc4 32. Qa7 Qc7 33. f4 b6
34. Qa6 Rc2 35. Nf2 Qxf4 36. Qd3 Qg3 0-1

[Event "XVII C.to Italiano UISP A"]
[Site "Montecatini Terme ITA"]
[Date "1996.12.??"]
[Round "6"]
[White "Bini, Lorenzo"]
[Black "Ciotoli, Patrizio"]
[WhiteElo "2200"]
[BlackElo "1956"]
[Result "0-1"]
[PlyCount "80"]
[EventDate "1996.12.04"]

1. b3 e5 2. Bb2 Nc6 3. e3 Nf6 4. h3 Be7 5. Ne2 d5 6. d3 O-O 7. Nd2 a5 8. a3 d4
9. e4 Ne8 10. g4 Nd6 11. Bg2 Be6 12. O-O h5 13. f4 hxg4 14. f5 Bd7 15. hxg4 Bg5
16. Nf3 Be3+ 17. Kh2 g5 18. Bc1 Bxc1 19. Qxc1 f6 20. c3 Nb5 21. cxd4 Nbxd4 22.
Nexd4 exd4 23. Nxd4 Nxd4 24. Qc4+ Kg7 25. Qxd4 Bb5 26. Qxd8 Raxd8 27. e5 fxe5
28. Rfe1 Kf6 29. Rac1 c6 30. a4 Bxd3 31. Rc5 Rh8+ 32. Kg3 Rhe8 33. Rxa5 Bc2 34.
Ra7 Rd3+ 35. Kf2 Rxb3 36. a5 Rd8 37. Re2 Bd1 38. Re4 Rd2+ 39. Ke1 Rxg2 40. Kxd1
Rb1# 0-1